| 000 | 01046 a2200205 4500 | ||
|---|---|---|---|
| 003 | Nust | ||
| 005 | 20230808135917.0 | ||
| 010 | _a 89012571 | ||
| 020 | _a0070233330 : | ||
| 040 | _cNust | ||
| 082 | 0 | 0 | _a621.9023,KRA |
| 100 | 1 | _aKrar, Stephen F. | |
| 245 | 1 | 0 |
_aCNC : _btechnology and programming / _cSteve Krar, Arthur Gill. |
| 260 |
_aNew York : _bGregg Division, McGraw-Hill, _cc1990. |
||
| 300 |
_avi, 378 p. : _bill. ; _c25 cm. |
||
| 505 | _aHistory of numerical control (Page-1), The computer (Page-25), Input media (Page-43), How numerical control operates machine tools (Page-67), Programming data (Page-93), Simple programming (Page-125), Angular and contour programming (Page-157), Miscellaneous numerical control functions (Page-189), Machining centers (Page-215), Chucking and turning centres (Page-247), Electrical discharge machining (Page-291), Numerical control and the future (Page-331). | ||
| 650 | 0 |
_aMachine-tools _xNumerical control. _983703 |
|
| 700 | 1 |
_aGill, Arthur, _d1930- _936238 |
|
| 942 |
_2ddc _cBK _k621.9023,KRA |
||
| 999 |
_c214737 _d214737 |
||